000 00427nam a2200181Ia 4500
001 25340
005 20260414151143.0
008 260414t2005||||xx |||||||||||||| ||spa||
041 _aESP
082 _a346.5
_bB74
100 _aBorda, Alejandro
_eAUT
245 0 _aLa teoría de los actos propios
_b
260 _c2005
300 _a198 páginas :
_c22 cm.
650 _aDER
654 _aCDE
942 _cLIB
_dJUS
_fJUS
_2ddc
_n
999 _c25340
_d25340